101 Eesti arhitektuuriteost

Titel: 101 Eesti arhitektuuriteost / Karin Hallas-Murula
Verfasser:
Veröffentlicht: Tallinn : Varrak, 2012
Umfang: 216 S. : überw. Ill.
Format: Buch
Sprache: Estnisch
Schriftenreihe/
mehrbändiges Werk:
101 Eesti ...
Schlagworte:
ISBN: 9789985326428
Buchumschlag
X
Lokale Klassifikation: 47 9 A ; 47 9 D ; 47 2 J
alg: 31613215
001A    $03004:30-01-13 
001B    $03025:05-03-26 $t12:54:32.000 
001C    $03004:30-01-13 $t11:37:08.000 
001D    $03004:18-04-13 
001U    $0utf8 
001X    $00 
002@    $0Aau 
003@    $0316132152 
004A    $A978-9985-3-2642-8 
007A    $0316132152 $aHEB 
010@    $aest 
011@    $a2012 
021A    $a101 Eesti arhitektuuriteost $hKarin Hallas-Murula 
028A    $#Murula, Karin Hallas- $#Hallas, Karin $7131896016 $8Hallas-Murula, Karin$Z1957- [Tp1] $917996240X 
033A    $pTallinn $nVarrak 
034D    $a216 S. 
034M    $aüberw. Ill. 
036G    $a101 Eesti ... 
044K    $RGouvernement Estland $REstnische Sozialistische Sowjetrepublik $#Estland $#Estland $#Estland $#Estland (vor 1940) $#Republik Estland $#Estnische Republik $#Eesti $#Eesti Vabariik $#EV $#Estonia $#Republic of Estonia $#Estonie $#Ėstonskaja Respublika $74015587-0 $8Estland [Tg1] $9085035777 
045F    $a709.4798 $eDDC23BSB 
045F/01 $a709 
045F/03 $g4798 
045G    $a910.94798 $eDDC23BSB 
045G/01 $a910 
045G/03 $g4798 
046M    $aLiteraturverz. S. 212 - [213] 

lok: 31613215 24
101B    $018-04-13 $t14:42:52.000 
101C    $018-04-13 
101U    $0utf8 
145Z/01 $a47 9 A 
145Z/02 $a47 9 D 
145Z/03 $a47 2 J 

exp: 31613215 24 1 #EPN
201B/01 $018-04-13 $t14:45:48.000 
201C/01 $030-01-13 
201U/01 $0utf8 
203@/01 $0661551423 
208@/01 $a18-04-13 $bz 
209A/01 $a13.02401 $du $f050 $h13 02401 $x00 
209C/01 $a13.02401 K $h13 02401 K 
209G/01 $a73270561 $x00 
220C/01 $akoe 
247C/01 $8358050-7 Marburg, Bibliothek des Herder-Instituts Marburg $9102600961 

lok: 31613215 78

exp: 31613215 78 1 #EPN
201B/01 $005-03-26 $t12:54:32.000 
201C/01 $005-03-26 
201U/01 $0utf8 
203@/01 $01336170514 
208@/01 $a05-03-26 $be 
209A/01 $a/ $f000 $x00 
209A/01 $ab*p $x01 
220C/01 $apgar 
244Z/01 $#Estland $#Estland $#Estland $#Estland (vor 1940) $#Republik Estland $#Estnische Republik $#Eesti $#Eesti Vabariik $#EV $#Estonia $#Republic of Estonia $#Estonie $#Ėstonskaja Respublika $74015587-0 $8--Tg1--Estland $x13 $9085035777 
247C/01 $82080>Marburg/Lahn, Herder-Institut, Forschungsbibliothek, Bibliographieportal $9336309341
LEADER 00000cam a2200000 c 4500
001 316132152
003 DE-603
005 20260305125432.0
007 tu
008 130130s2012 xx |||| | u00||u|est c
020 |a 9789985326428 
035 |a (DE-599)HEB316132152 
040 |a DE-603  |b ger  |c DE-603  |d DE-603 
041 |a est 
082 0 4 |8 1\u  |a 709.4798  |q DE-101  |2 23/BSB 
083 0 |8 2\u  |a 910.94798  |q DE-101  |2 23/BSB 
085 |8 1\u  |b 709 
085 |8 1\u  |z 2  |s 4798 
085 |8 2\u  |b 910 
085 |8 2\u  |z 2  |s 4798 
100 1 |a Hallas-Murula, Karin  |d 1957-  |0 (DE-603)17996240X  |0 (DE-588)131896016  |2 gnd 
245 0 0 |a 101 Eesti arhitektuuriteost  |c Karin Hallas-Murula 
264 1 |a Tallinn  |b Varrak  |c 2012 
300 |a 216 S.  |b überw. Ill. 
490 0 |a 101 Eesti ... 
504 |a Literaturverz. S. 212 - [213] 
651 7 |a Estland  |0 (DE-588)4015587-0  |0 (DE-603)085035777  |2 gnd 
924 0 |9 Mb 50  |a (DE-603)661551423  |b DE-Mb50  |c HES  |d c  |g 13.02401 
924 0 |9 2080  |a (DE-603)1336170514  |b DE-2080  |c HES  |d d  |g /